000 00646nam a2200229Ia 4500
003 OSt
005 20220924132540.0
006 a|||||r|||| 00| 0
007 ta
008 220923b |||||||| |||| 00| 0 san d
024 _a63283
037 _cTextual
040 _aARTS
_cARTS
_bsan
041 _2san
_asan
082 _aQ22:223:9xMJO:1, 15K5
100 _aJoshi Harivaksha
_9204515
245 0 _aRas pancha dhyayi bhakti rahasaya nopeta with Hindi Sanskrit comm. 'Haripriya'
260 _c1965
650 _aRELIGION
942 _hQ22:223:9xMJO:1, 15K5
_cTEXL
_2CC
999 _c430682
_d430682